| 000 | 00679nam a2200169 a 4500 | ||
|---|---|---|---|
| 001 | 000038201 | ||
| 005 | 20250401130908.0 | ||
| 008 | 130321s2001 000 spa d | ||
| 020 | _a9687462272 | ||
| 020 | _a9687462272 | ||
| 040 |
_aDO-SdBNP _bspa _cBNPHU |
||
| 110 | 2 |
_aPrograma de las Naciones Unidas para el Desarrollo _9187 |
|
| 245 | 1 | 0 |
_aResumen : _binforme sobre desarrollo humano 2001 : _bPoner el adelanto tecnológico al servicio del desarrollo humano. |
| 246 | 1 | 3 | _aponer el adelanto tecnológico al servicio del desarrollo humano. |
| 260 |
_aNew York : _bPrograma de las Naciones Unidas para el Desarrollo (PNUD), _c2001. |
||
| 300 |
_a[30] p. : _bil., mapas ; _c29 cm. |
||
| 999 |
_c37691 _d37691 |
||